Statystyki dla Wszyscy zwycięzcy EuroSongs

Kliknij tutaj aby rozwiązać quiz!

Ogólne statystyki

  • Ten quiz został rozwiązany 12 razy
    (3 od ostatniego zresetowania)
  • Średni wynik to 44 z 471

Statystyki odpowiedzi

Menager% Poprawnych
Austria
100%
Brazylia
100%
Bułgaria
100%
Czechy
100%
Irlandia
100%
Kanada
100%
Mołdawia
100%
MØ - New Year's Eve
100%
Niemcy
100%
Polska
100%
Rosja
100%
Słowacja
100%
Ukraina
100%
Węgry
100%
Wielka Brytania
100%
Albania
67%
Argentyna
67%
Armenia
67%
Australia
67%
Azerbejdżan
67%
Belgia
67%
B&H
67%
Białoruś
67%
Chorwacja
67%
Czarnogóra
67%
Dania
67%
Estonia
67%
Finlandia
67%
Francja
67%
Grecja
67%
Gruzja
67%
Hiszpania
67%
Holandia
67%
Islandia
67%
Izrael
67%
Jovana Mustur - San
67%
Kazachstan
67%
Kosowo
67%
Liban
67%
Liechtenstein
67%
Litwa
67%
Łotwa
67%
Luksemburg
67%
Macedonia Północna
67%
Malta
67%
Norwegia
67%
Nowa Zelandia
67%
Portugalia
67%
Rumunia
67%
San Marino
67%
Słowenia
67%
Stany Zjednoczone
67%
Szwajcaria
67%
Szwecja
67%
Turcja
67%
Watykan
67%
Włochy
67%
Arabia Saudyjska
33%
Kol
33%
Monako
33%
Tunezja
33%
...
0%
AaRON - Onassis
0%
Abby - EMA
0%
Abzel
0%
adam.wu
0%
Adele - Rolling In The Deep
0%
Agnes Obel - The Curse
0%
Albin Lee Meldau - I Need Your Love
0%
Alexiane - A Million on My Soul
0%
Alice Merton - No Roots
0%
Alina Orlova - Sielos Sala
0%
Alison Wonderland - Church
0%
Alvaro
0%
Amanda Mair - Empty Blockings
0%
Anahit Pogosyan - Kotik
0%
Angus & Julia Stone - For You
0%
Ania - Aria E Luce
0%
AnimalJazz - Loż
0%
Anna Faroe - Walking On Fire
0%
Annakin - Monsters
0%
Anna Leone - My Soul I
0%
Anne-Marie - Alarm
0%
AQUILO - Silhouette
0%
Arbooz
0%
Arilena - Aeroplan
0%
Arnór Dan - Stone By Stone
0%
Arysta - Tak Blizki
0%
Asaf Avidan - Gold Shadow
0%
Asha - We Can Do This
0%
Atiye & İskender Paydaş - Yetmez
0%
ÄTNA - Remission
0%
AURORA - Warrior
0%
AyOwA - Is It You Love
0%
Ayse Hatun Onal - Çak Bir Selam
0%
Azet
0%
Baby Yors - Mother
0%
Background - Forget The Angel
0%
Balbina & Maeckes - Seife
0%
Barbara Opsomer - Je sors ce soir
0%
Belle Who - Tide
0%
Beranger - Suddenly
0%
Between Mountains - Into The Dark
0%
BIRDY + RHODES - Let It All Go
0%
Blaue Blume - Ebony
0%
Blauka - Zawzięcie
0%
Bloom Twins - Amnesia
0%
Blue Nipple Boy - Rainbow
0%
Bobi Andonov - Apartment
0%
Bogi - Feels So Right
0%
Börni - Trails Of Trouble
0%
Brice Conrad - Léa
0%
Brighi - Invizibila
0%
BzyK
0%
Carlos
0%
Carrie Haber - Me Oh My
0%
Cascadeur - Turn To Dust
0%
Castiel
0%
Cecilie Fleur - Alle De Lykkelige Kaerester
0%
Celeste Buckingham - Never Be You
0%
Celeste Buckingham - Unpredictable
0%
Chasing Grace - Trust
0%
Chlöe Howl - Rumour
0%
Christian Durstewitz - Stalker
0%
Christopher Christopher - Disco Nights
0%
Cobi - Church Of The Lonely
0%
Cocoon - Comets
0%
Cold in May - Halo of the Gone
0%
Colouring - Time
0%
Corinne - Presidente
0%
Cruel Youth - Hatefuck
0%
dabi.
0%
Dagny ft Børns - Fool's Gold
0%
Dakh Daughters - Rozy/Donbass
0%
Dana Sokolowa - Razwiedi Nieba
0%
Dan D'Lion - Pull Me Under
0%
*Daniel*
0%
Daniel Bedingfield - Secret Fear
0%
Daniel James - A Lonely Man
0%
Dan Owen - Run Me Down
0%
Daria Zawiałow - Malinowy Chruśniak
0%
darooo91
0%
David
0%
Davina Michelle - Skyward
0%
DaVinci
0%
Dawid
0%
Dawid Podsiadło & Flirtini - Diagram
0%
Declan McKenna - Beautiful Faces
0%
Des Rocs - Used to the Darkness
0%
Dex
0%
Dia Frampton - The Broken Ones
0%
Domiiin
0%
Dorotėja - I Don't Need You Anymore
0%
Dotan - Numb
0%
Dotter - Creatures Of The Sun
0%
Dragorwyin
0%
Dua Lipa - Blow Your Mind (Mwah)
0%
dummell
0%
Dúné ft. Drew - Say Anything
0%
Dżek
0%
EFF - Stimme
0%
Eisblume - Leben Ist Schön
0%
Eivør - Verð Mín
0%
Ekat Bork - Gyps
0%
Elderbrook - Old Friend
0%
Elenoir - This War
0%
Elias - Revolution
0%
Elisa - No Hero
0%
Elizaveta - Meant
0%
Elizaveta - SOS
0%
Ella vs Mountain - My Country's Burning
0%
Ellie Goulding - Figure 8
0%
Eluveitie - A Rose for Epona
0%
Emeli Sandé ft. Naughty Boy - Daddy
0%
Emeli Sandé - My Kind of Love
0%
Emerentia - Silver Bullet
0%
Emilie Simon - Dreamland
0%
Emji - Lost
0%
Emma - Cercavo Amore
0%
Emma Drobná - Words
0%
Est-Her - Sympathy
0%
Estrella
0%
Euromario
0%
Eyjafjallajokull
0%
Faces On TV - Love / Dead
0%
FELIN - Gossip
0%
Felix Räuber - Wall
0%
FiFi
0%
filous feat. Jordan Léser - Shaded In
0%
First Aid Kit - Fireworks
0%
FJØRA - Legacy
0%
Flora Cash - You're Somebody Else
0%
Foé - Nuria
0%
Foreign Air - The Apartment
0%
FOXOS - Running Up
0%
Freddie Dickson - Shut Us Down
0%
Frøder - Dopamine
0%
Froukje - Groter Dan Ik
0%
Fuel Fandango - New Life
0%
Georgi Kay - Love Is Cold
0%
Giant Rooks - Wild Stare
0%
GiiRL - Bloodshed
0%
Gina Kushka - Hurtproof
0%
GJan - Not Afraid
0%
GJan - Wasn't Easy
0%
Gjon's tears - Babi
0%
Glashaus - Das Hier
0%
Glowie - No Lie
0%
GRANT - Waterline
0%
Hadag Nahash - Zman LeHit'orer
0%
Halsey - New Americana
0%
Happy Camper feat. Pien Feith - A Single Life
0%
Harper Finn - Conversations (With The Moon)
0%
Highasakite - Someone Who´ll Get It
0%
HollySiz - Tricky Game
0%
Hooverphonic - Gravity
0%
Hoshi - Ta Marinière
0%
HotColdChocolate
0%
Hozier - Take Me To Church
0%
Hugo
0%
Hurricane Love - Nowhere To Go
0%
Hurts - Wonderful Life
0%
Hybryda
0%
Hydrogen Sea - Cold Water
0%
Ian
0%
IBE - Control
0%
Immortal
0%
Indila - Dernière Danse
0%
Inga & Anush - Menq Enq Mer Sarere
0%
INÜIT - Dodo Mafutsi
0%
INÜIT - Tomboy
0%
ionnalee - GONE
0%
IOWA - Isiu muża
0%
Irina Rimes - Cosmos
0%
Isaac Dunbar - onion boy
0%
Jacob Banks - Unknown (To You)
0%
Jade Bird - Uh Huh
0%
James
0%
Jan Sievers - Du berührst mich nicht mehr
0%
Jax
0%
Jay Khan - Nackt
0%
Jaymes Young - Don't You Know
0%
J. Bernardt - Wicked Streets
0%
Jenni Vartiainen - Missä muruseni on
0%
Jetta - Start a Riot
0%
Joan Thiele - Save Me
0%
Joel
0%
Joji - Run
0%
J.R. August - Crucify Me
0%
J.S. Ondara - Saying Goodbye
0%
Judith - Fais Passer Le Mot
0%
Juli Horányi - Electrical
0%
Jungle - Casio
0%
Kadebostany - Walking with a Ghost
0%
Karin Park - Blue Roses
0%
Katie Melua - The Flood
0%
Katy Carr - Mała Little Flower
0%
Kenia
0%
KeshYou - Rizamın
0%
Khalmari
0%
Kimbra - Top of the World
0%
Kledi Bahiti & S. Karavella - Më Jeto
0%
KONGOS - Come with me now
0%
Kowal
0%
Koziorożec3
0%
Kristina - Life is a Game
0%
Krystl - Losing My Head
0%
Kyasma - Like A Lion
0%
Kyla La Grange - Vampire Smile
0%
LadyInBlack
0%
Ladytron - Ace of Hz
0%
laitur
0%
La Maine - Daughter Of A King
0%
Laura Welsh - Break the Fall
0%
Laurel - Blue Blood
0%
Laurence Revey - Immortal
0%
Lea Paci - Adolescente Pirate
0%
Leo Kalyan - Daydream
0%
Leonie Meijer - Won't Come Back
0%
Leon Somov & Jazzu - Lower Than The Ground
0%
Leon Somov & Jazzu - Nieko apie mus
0%
Lili Poe - Echo
0%
Lilit Hovhannisyan - Requiem
0%
Lily Of The Valley - I'll be waiting
0%
Linda Teodosiu - Alive
0%
Linnea - Tomme Ord
0%
L.I.P.E. - Zorja Moja Zorja
0%
Lisa Lois - Little By Little
0%
Little Green Cars - MLTMDTTRTSM
0%
Little Majorette - Never Be The Same
0%
Loïc Nottet - Million Eyes
0%
Lola Marsh - Echoes
0%
Lola Marsh - Wishing Girl
0%
Loreen - Sober
0%
Louisa Johnson - So Good
0%
LOVG - Jueves
0%
Luca Vasta - Travel Safe
0%
Lucia - To Gold
0%
Luna - Butyloczka
0%
Lykke Li - I Follow Rivers
0%
Madjo - Choose The Heart
0%
Maëlle - Toutes les machines ont un cœur
0%
MANE - Save Yourself
0%
Manizha - Waiting
0%
Marcelina - Tańcz
0%
marcellele
0%
Marco Mengoni - Dall'Inferno
0%
Marco Mengoni - Io ti aspetto
0%
Mária Čírová - Unikát
0%
Marie Antoinette - Phönix
0%
Marina And The Diamonds - Mowgli's Road
0%
Marina And The Diamonds - Savages
0%
Marit Larsen - I Don't Want To Talk About It
0%
Markéta Irglová - The Leading Bird
0%
Markus Feehily - Love Is a Drug
0%
Maryon - You
0%
Matima2000
0%
Matkon18
0%
Matt Woods - Give Yourself Away
0%
Max91
0%
MAYKA - Rich
0%
Mee And The Band - Eat Pierogi
0%
Messi
0%
Mia Diekow - Black Beauty
0%
MIA - ŽIVOT NIJE SIV
0%
Michael Schulte - Rock and Scissors
0%
Mihrije Braha - Ti Nuk Je Shtëpia Ime
0%
Mine - Der Mond lacht
0%
Miriam Bryant - Dragon
0%
Miss Li - Aqualung
0%
Miszaelo
0%
mkstheone
0%
Mniamnis
0%
moi - Syng Meg I Søvn
0%
MoMo - Szafa
0%
Mónica Naranjo - Make You Rock
0%
Mozart L’Opera Rock - Le Bien Qui Fait Mal
0%
Mydy Rabycad - Drowning
0%
MYNTH - Mirrors
0%
MyZone
0%
Natali Felicia - War
0%
NBT - Is Everybody Going Crazy?
0%
Nicola Testa - Rainbow
0%
Nicole Cross - Awesome
0%
Nicole Sabouné - Conquer or Suffer
0%
Nieznajomy
0%
NOAIR - Colours
0%
Noonie Bao - Reminds Me
0%
Northern Assembly - Death, won't you marry me?
0%
NOVAA - Club Paradise
0%
NowPaKo
0%
Obraz - EveryBodyGonnaDie
0%
Oh Wonder - Technicolour Beat
0%
Oksana Predko - Autobus
0%
Ólafur Arnalds ft. Arnór Dan - Old Skin
0%
Olga Kouklaki - Antivirus
0%
Oonagh - Gäa
0%
Oren Lavie ft. Vanessa Paradis - DYRSN
0%
Oscar Enestad - Heaven On My Skin
0%
Palmer - Syndrome
0%
PALMY - Mae keiyw
0%
Panamah - DJ Blues
0%
Paolo Macagnino - Madama Butterfly
0%
Pianoboy - Rodina
0%
PIONA ft. Ptakova - Lawina
0%
Polarios
0%
Pongo - Kuzola
0%
Postaal - Darkness
0%
Przemko
0%
PsychoWild
0%
Pszemo
0%
Purist - Renaissance
0%
PVRIS - Hallucinations
0%
Rafisko
0%
Ralph Kaminski - Kosmiczne Energie
0%
Rarytas
0%
Raye - Shhh
0%
Rebecca Ferguson - Nothing's Real But Love
0%
Reigan - All of the Pieces
0%
Remunen
0%
Righski
0%
Ripsy May - Dare
0%
Roby Fayer ft. Tom Gefen - Ready To Fight
0%
ROE - Playground Fights
0%
Ronya - Hyperventilating
0%
Rosalía - Pienso en tu mirá
0%
Rosalie. - Pozwól
0%
Rotana - The Cure
0%
Röyksopp feat. Susanne Sundfør - Never Ever
0%
R.Tolvai & G.Rácz - Ez Még Csak A Kezdet
0%
Sam Fender - Dead Boys
0%
Sandra van Nieuwland - Hunter
0%
Sarah Riani - Intouchable
0%
Schmieds Puls - Joy
0%
SCHWARZ - The Others
0%
Seafret - Oceans
0%
Sebu Simonian - Watch the River Change Course
0%
SecretViolence
0%
Shake Shake Go - Dinosaur
0%
Shien
0%
Shungudzo - Paper
0%
Shy for Shore - Love, Again
0%
Silence - Heart of Darkness
0%
Sin Fang & Sóley & Ö.Smárason - RHG
0%
Sirusho - PreGomesh
0%
Skott - Porcelain
0%
SkyMax
0%
Slot - Mirrors
0%
Slot - Sumierki
0%
Smith & Thell - Forgive Me Friend
0%
Smith & Thell - Row
0%
Son Mieux - Even
0%
Soprano - Clown
0%
Stefanie Heinzmann - In The End
0%
Steve Angello ft. Barns Courtney - Dopamine
0%
Stine Bramsen - Karma Town
0%
Sumera - Wolf
0%
Sunny Gray - Equilibrium
0%
SunSay - Bud' slabey menya
0%
Susanne Sundfør - Delirious
0%
Suzane - L'insatisfait
0%
Sven
0%
Sveta
0%
swrk
0%
Sylvie Kreusch - Seedy Tricks
0%
Szymek79
0%
Talisco - The Steed
0%
TAL - Rien n'est parfait
0%
Terry Poison - Gorgeous
0%
Tessa Dixson - Prayer
0%
The Avener - You Belong ft. Laura Gibson
0%
The Ditch - Far Away
0%
The Dø - Despair, Hangover & Ecstasy
0%
The Dreams - Revolt
0%
The Lola O - Jolly
0%
the other shi - state of mind
0%
The Pirouettes - L'escalier
0%
The Well - Sierra
0%
Thomas Azier - Berlin
0%
Þórunn Antonía - Too Late
0%
Tim Bernardes - Recomeçar
0%
Tom Grennan - Royal Highness
0%
Tor Miller - Surrender
0%
Toše Proeski & Gianna Nannini - Aria
0%
Travelle - cuba
0%
Tsirkov' - Solnechnoye Spleteniye
0%
Ullo
0%
Unnur Eggerts - Við stingum af
0%
Valentina Giovagnini - Senza Origine
0%
Valentine - Black Sheep
0%
Vancouver Sleep Clinic - Someone to Stay
0%
Vega - Como Yo No Hay Dos
0%
Vesemir
0%
Virginia Labuat - The Time Is Now
0%
Vlad Holiday - Phonograph
0%
Volkova Sisters - Bulletproof
0%
Walder
0%
Wallis Bird - Hardly Hardly
0%
WandziaiBandzia
0%
Winona Oak - Break My Broken Heart
0%
Woodes - Dots
0%
WrednyOlek
0%
XCryoxx
0%
XOV - Lucifer
0%
Y'akoto - Fool Me Once
0%
Yasmine Hamdan - Nediya
0%
Years & Years - Take Shelter
0%
Ylja - Út
0%
Yonderboi - Come On Progeny
0%
Žanamari Lalić - Ljubav
0%
Zimbabwe
0%

Rozkład punktacji

Percentyl według liczby udzielonych odpowiedzi

Procent ludzi z każdym wynikiem

Twoja historia wyników

Nie rozwiązałeś tego quizu od ostatniego zresetowania